| 000 | 009060000a22002170004500 | ||
|---|---|---|---|
| 020 | _a84-7432-095-0 | ||
| 041 | 0 | _aSPA | |
| 082 | 0 | 4 | _aG 173 F585o |
| 100 | 1 | _aFlandrin, Jean Louis | |
| 245 | 1 | 0 | _aOrígenes de la familia : La familia, el parentesco y la sexualidad en la sociedad tradicional / Jean-Louis Flandrin ; Marco Aurelio Galmarini, Traductor |
| 260 | _aBarcelona, España : Crítica | ||
| 300 | _a348 Pag. | ||
| 500 | _aTítulo original : Familles. Parenté, maison, sexualité dans l'ancienne société | ||
| 505 | 0 | 0 | _ael concepto de familia -- la familia: tamaño, estructura y vida material -- lo moral de las relaciones domésticas -- la función reproductora de la familia y la vida sexual |
| 650 | 1 | 4 | _aFAMILIA - FRANCIA - HISTORIA |
| 001 | 1198 | ||
| 942 | _cBK | ||
| 999 |
_c32525 _d32525 |
||
| 336 |
_atexto _btxt _2rdacontent |
||
| 337 |
_2rdamedia _asin mediación _bn |
||
| 338 |
_2rdacarrier _avolumen _bnc |
||